Prince Philip Quiz - Statistics

General Stats
  • This quiz has been taken 140 times
  • The average score is 11 of 15
Answer Stats
Question Answer % Correct
How long was Prince Philip married for? 73 years
100%
Who was Prince Philip married to? Queen Elizabeth II
100%
How many children did Prince Philip have? 4
88%
How many siblings did Prince Philip have? 4
88%
What was Prince Philip's fathers name? Andrew
88%
Prince Philip was the Duke of which city? Edinburgh
88%
Which of these countries was Prince Philip NOT part of the respective royal family? Germany
88%
Where did Prince Philip pass away? Windsor Castle
88%
How old was Prince Philip when he died? 99
75%
What mental disorder was Prince Philip's mother diagnosed with? Schizophrenia
75%
How long did Prince Philip have COVID-19 for before he passed away? 0 days
63%
In which year did Prince Philip retire? 2017
63%
In what month was Prince Philip born? June
63%
How old was Prince Philip when his family was exiled from his birth country? 18 months
38%
How many of Prince Philip's siblings married Nazis? 4
38%
No matching quizzes found
Score Distribution
Percent of People with Each Score
Percentile by Number Answered
Your Score History
You have not taken this quiz